Statystyki dla Najpopularniejsze imiona w Polsce w 2018 roku

Kliknij tutaj aby rozwiązać quiz!

Ogólne statystyki

  • Ten quiz został rozwiązany 310 razy
  • Średni wynik to 14 z 30

Statystyki odpowiedzi

MiejsceOdpowiedź% Poprawnych
2 (8468)Julia
77%
2 (8908)Jakub
70%
3 (8457)Jan
70%
14 (4586)Michał
66%
1 (8866)Zuzanna
60%
11 (4428)Aleksandra
59%
15 (3908)Wiktor
58%
1 (9329)Antoni
57%
8 (5442)Maria
57%
10 (5058)Oliwia
50%
4 (8234)Szymon
50%
10 (5437)Kacper
49%
12 (4248)Wiktoria
49%
15 (3920)Natalia
46%
4 (7928)Zofia
46%
11 (5168)Adam
45%
5 (7324)Aleksander
44%
3 (8033)Maja
44%
5 (7723)Hanna
43%
6 (7094)Franciszek
42%
6 (7650)Lena
41%
13 (4649)Stanisław
41%
9 (5310)Amelia
40%
7 (6407)Filip
40%
7 (5759)Alicja
38%
13 (3995)Emilia
34%
8 (6008)Mikołaj
32%
9 (5862)Wojciech
30%
14 (3928)Laura
29%
12 (4661)Marcel
25%

Rozkład punktacji

Percentyl według liczby udzielonych odpowiedzi

Procent ludzi z każdym wynikiem

Twoja historia wyników

Nie rozwiązałeś tego quizu